000
00264nam a2200109Ia 4500
008
200302s9999 xx 000 0 und d
100
_a
A I A
245
_a
Design for Aging Review
260
_b
Images Publishing Group Pvt. Ltd.
260
_c
2001
300
_a
240 P.,
999
_c
1208
_d
1208